Statistics for British Companies #1 - Sainsbury's

Click here to take the quiz!

General Stats

  • This quiz has been taken 9 times
  • The average score is 5 of 20

Answer Stats

HintAnswer% Correct
Colour most associated with Sainsbury'sOrange
100%
Own clothing lineTU
78%
Reward card schemeNectar
67%
Catalogue retailer purchased in 2016Argos
56%
DIY chain which was sold by Sainsbury's in 2001Homebase
44%
Convenience store chainSainsbury's Local
44%
Line of high end, high quality food productsTaste the Difference
44%
First name of Sainsbury's original founderJohn
33%
Line of cheap necessities, retired in 2019Sainbury's Basics
22%
Location of its largest supermarketCrayford
11%
Make and model of vans used to deliver online groceriesMercedes Sprinter
11%
The largest shareholder of Sainsbury'sQatar Investment Authority
11%
Name of the current CEO of Sainsbury'sSimon Roberts
11%
Year Sainsbury's was founded1869
0%
'Helping ___ ___ ___' 2021 - present taglineEveryone Live Better
0%
Extra-curricular education centres, located in Sainsbury's SupermarketsExplore Learning
0%
Area of London where Sainsbury's was founded (and current HQ is still lcoated)Holborn
0%
In 2016, the offerings for this product were reduced, causing uproarMeal Deal
0%
'___ ___ ___ today' - tagline from 2005-2011Try Something New
0%
'Live ___ ___ ___' - 2011 - 2021 taglineWell For Less
0%

Score Distribution

Percentile by Number Answered

Percent of People with Each Score

Your Score History

You have not taken this quiz